| 000 | 02338nam0a2200421 i 4500 | ||
|---|---|---|---|
| 001 | RU\NLR\BIBL_A\011344303 | ||
| 005 | 20260408080327.0 | ||
| 010 |
_a9785905664472 _9300 |
||
| 021 |
_aRU _b2017-8654 _9633 |
||
| 035 | _a(NILC)LIBNET\0000661446 | ||
| 035 | _aROSTOV\BIBL\z0001023831 | ||
| 035 | _a(NLR Aleph) 011344303 | ||
| 090 |
_a11209475 _c11209475 |
||
| 100 | _a20170313d2015 y0rusy50 ca | ||
| 101 | 0 | _arus | |
| 102 | _aRU | ||
| 105 | _aa|||z|||000zy | ||
| 200 | 1 |
_aЭкономическая политика государства: концепции, методология, направления совершенствования _eмонография _f[Галич Ж.В., к.и.н., доцент, Фролова И.В., к.э.н., доцент, Казачанская Е.А., к.ю.н., доцент и др. _gнаучный редактор: д.э.н., профессор, Заслуженный деятель науки РФ Мамедов О.Ю.] _gЮжный федеральный университет |
|
| 210 |
_aРостов-на-Дону _cБеспамятнов С.В. _d2015 |
||
| 215 |
_a106 с. _cил. _d20 |
||
| 300 | _aАвт. указаны на обороте тит. л. | ||
| 320 | _aБиблиогр.: с. 104-106 (66 назв.) и в подстроч. примеч. | ||
| 606 |
_aЭкономическая политика _91169935 _3RU\NLR\AUTH\66151608 |
||
| 610 | 0 | _aЭкономическая политика | |
| 686 |
_a65.050.11 _vLBC/M _2rubbk |
||
| 686 | 1 | _aУ9(2)-18(2Р) | |
| 701 | 1 |
_aГалич _bЖ. В. _gЖанна Валерьевна |
|
| 701 | 1 |
_7ca _8rus _aФролова _bИ. В. _cд-р экон. наук _gИрина Вениаминовна _9163625 _3RU\NLR\AUTH\770163669 |
|
| 701 | 1 |
_aКазачанская _bЕ. А. _gЕлена Александровна |
|
| 702 | 1 |
_4340 _7ca _8rus _aМамедов _bО. Ю. _f1946- _gОктай Юсуфович _9139865 _3RU\NLR\AUTH\770139900 |
|
| 712 | 0 | 2 |
_4570 _aЮжный федеральный университет _cРостов-на-Дону _3RU\NLR\AUTH\8810090930 _9683115 |
| 801 | 0 |
_aRU _bДонская ГПБ _c20160329 _grcr |
|
| 801 | 1 |
_aRU _bДонская ГПБ _c20160329 _2rusmarc |
|
| 942 | _cBOOK | ||
| 980 | _aNBR | ||